000 00724nam a22002177a 4500
005 20220721150017.0
008 220707b ||||| |||| 00| 0 eng d
020 _a818711150X
040 _cAL
041 _aEnglish
082 _223
_bZAVP
_a346.0486
100 _aN B Zaveri
_952346
245 _aPatents for Future : Future for Mankind Future for Inventor and Owner Future for Science and Technology
260 _aMumbai
_bVakils Feffer Simons Ltd
_c2001
300 _axxxv,324 p.
_bPB
_c21x13 cm.
650 _aPatents-Quid pro Quo Bargain
_947479
650 _aNational and public interests under TRIPS
_947480
650 _aLaws of Objecting countries
_947481
700 _aZAVERI (N B)
_947482
942 _2ddc
_cGF
999 _c223628
_d223628